Учебник немецкого языка по нагладно-аналитическому методу. Ч. 1 (Запись № 5079459)

Подробности
000 -МАРКЕР
контрольное поле 01398nam2a22002531 4500
001 - ИДЕНТИФИКАТОР ЗАПИСИ
контрольное поле v19\rc\1771195
005 - ИДЕНТИФИКАТОР ВЕРСИИ
контрольное поле 20250619071105.0
035 ## - ДРУГИЕ СИСТЕМНЫЕ НОМЕРА
Идентификатор записи (NLR Aleph) 004868670
100 ## - ДАННЫЕ ОБЩЕЙ ОБРАБОТКИ
Данные общей обработки 20061204d1903 |||y0rusy50 ca
101 0# - ЯЗЫК РЕСУРСА
Язык текста, звукозаписи и т.д. русский
102 ## - СТРАНА ПУБЛИКАЦИИ ИЛИ ПРОИЗВОДСТВА
Страна публикации Российская Федерация
105 ## - ПОЛЕ КОДИРОВАННЫХ ДАННЫХ: ТЕКСТОВЫЕ МАТЕРИАЛЫ, МОНОГРАФИЧЕСКИЕ
Кодированные данные о монографическом текстовом документе y z |||||
200 0# - ЗАГЛАВИЕ И СВЕДЕНИЯ ОБ ОТВЕТСТВЕННОСТИ
Основное заглавие Ч. 1
Сведения, относящиеся к заглавию С 6 картинами: квартира, 4 времени года и крестьянский двор
210 ## - ПУБЛИКАЦИЯ, РАСПРОСТРАНЕНИЕ И ДР.
Дата издания, распространения и т.д. 1903
Место издания, распространения и т.д. Б. м.
215 ## - ФИЗИЧЕСКАЯ ХАРАКТЕРИСТИКА
Специфическое обозначение материала и объем VIII, 142 с.
461 #0 - УРОВЕНЬ НАБОРА
Встроенное поле 001v19\rc\1771194
-- 2001#$aУчебник немецкого языка по нагладно-аналитическому методу$fСост. и излож. Александр Иосифович Цизерль, преп. нем. яз. в Кишенев. торг. шк. Ч. 1-2$vЧ. 1
-- 700#1$aЦизерль$bА.И.$gАлександр Иосифович$4220
Системный номер (АБИС) связанной записи 5079451
Автор Цизерль, А.И.
Место публикации Одесса
Дата публикации 1903-1904
Первые сведения об ответственности Сост. и излож. Александр Иосифович Цизерль, преп. нем. яз. в Кишенев. торг. шк. Ч. 1-2
Имя издателя, распространителя и т.д. тип. Л. Нитче
Физическая характеристика 2 т.
Заглавие Учебник немецкого языка по нагладно-аналитическому методу
Номер тома Ч. 1
801 #0 - ИСТОЧНИК ЗАПИСИ
Страна Российская Федерация
Организация NLR
Правила каталогизации psbo
801 #0 - ИСТОЧНИК ЗАПИСИ
Страна Российская Федерация
Организация RuMoRGB
Источник данных psbo
801 #1 - ИСТОЧНИК ЗАПИСИ
Страна Российская Федерация
Организация ProSoft-M
Источник данных rusmarc
852 ## - МЕСТОНАХОЖДЕНИЕ И ШИФР ХРАНЕНИЯ
Идентификатор организации NLR
Шифр хранения (Call Number) 38.22.6.10
899 ## - ДАННЫЕ О МЕСТОНАХОЖДЕНИИ (устаревшее)
Местонахождение БАН
942 ## - ДОПОЛНИТЕЛЬНЫЕ ЭЛЕМЕНТЫ ЗАПИСИ (АБИС)
Тип экземпляра АБИС Книга
980 ## - КОЛЛЕКЦИЯ
Название коллекции Национальная библиография
Экземпляры
Тип экземпляра Дата поступления Библиотека постоянного хранения Библиотека текущего хранения Место хранения Шифр хранения Штрих-код Статус экземпляра
Книга 26.10.2013 РНБ (Московский) РНБ (Московский) Неопределен, для заказа не доступен, в ЭК виден   4868670-20  
Книга 26.10.2013 РНБ (Садовая) РНБ (Садовая) Русский книжный фонд -Главное здание, Ленинский читальный зал 38.22.6.10 4868670-10